LEADER 00877nam2-22003011i-450- 001 990000187040403321 035 $a000018704 035 $aFED01000018704 035 $a(Aleph)000018704FED01 035 $a000018704 100 $a20011111d--------km-y0itay50------ba 101 0 $aita 105 $ay-------001yy 200 1 $a2. : Teoria dei campi, elementi di calcolotensoriale. VIII, 222 p. : ill. 210 $aBologna$cPatron$d1967- 215 $av.$d24 cm 461 0$1001000000194$12001$aElettrotecnica 610 0 $aElettrotecnica 676 $a621.3 700 1$aBasile,$bStefano$0161 801 0$aIT$bUNINA$gRICA$2UNIMARC 901 $aBK 912 $a990000187040403321 952 $a13 B 77 21$b28634$fFINBC 959 $aFINBC 996 $a2. : Teoria dei campi, elementi di calcolotensoriale. VIII, 222 p. : ill$9122640 997 $aUNINA DB $aING01 LEADER 01595oam 2200493 450 001 9910717304303321 005 20210908115156.0 035 $a(CKB)4950000000108318 035 $a(OCoLC)942061251 035 $a(EXLCZ)994950000000108318 100 $a20101011d1977 ua 0 101 0 $aeng 135 $aurbn||||||||| 181 $ctxt$2rdacontent 182 $cc$2rdamedia 183 $acr$2rdacarrier 200 14$aThe CBO multipliers project $ea methodology for analyzing the effects of alternative economic policies 210 1$aWashington, D.C. :$cThe Congress of the United States, Congressional Budget Office,$d1977. 215 $a1 online resource (x, 27 pages) $cillustrations 225 1 $aA CBO technical analysis paper 300 $a"August 1977"--Cover. 517 3 $aCongressional Budget Office multipliers project 606 $aFiscal policy$zUnited States$xMathematical models 606 $aEconomic policy$2fast 606 $aFiscal policy$xMathematical models$2fast 607 $aUnited States$xEconomic policy$y1971-1981 607 $aUnited States$2fast 615 0$aFiscal policy$xMathematical models. 615 7$aEconomic policy. 615 7$aFiscal policy$xMathematical models. 702 $aPlantes$b Mary Kay 702 $aDe Leeuw$b Frank$f1930- 801 0$bCDS 801 1$bCDS 801 2$bOCLCO 801 2$bOCLCF 801 2$bOCLCO 801 2$bOCLCQ 801 2$bOCLCO 801 2$bGPO 906 $aBOOK 912 $a9910717304303321 996 $aThe CBO multipliers project$93521435 997 $aUNINA